|
|
|
|
| LEADER |
01120nam a2200241 a 4500 |
| 001 |
14087259 |
| 008 |
110330s2005 bg b 001 0 eng d |
| 010 |
|
|
|a 2005323925
|
| 020 |
|
|
|a 9840517473
|
| 040 |
|
|
|a DLC
|c DLC
|d DLC
|d BD-DhAAL
|
| 082 |
0 |
0 |
|a 305.891/45
|2 22
|
| 100 |
1 |
|
|a Bleie, Tone.
|
| 245 |
1 |
0 |
|a Tribal peoples, nationalism, and the human rights challenge :
|b the Adivasis of Bangladesh /
|c Tone Bleie.
|
| 260 |
|
|
|a Dhaka :
|b University Press,
|c 2005.
|
| 300 |
|
|
|a xx, 390 p. ;
|c 22 cm.
|
| 504 |
|
|
|a Includes bibliographical references (p. [363]-373) and index.
|
| 541 |
|
|
|e 00022264
|
| 650 |
|
0 |
|a Adivasis
|x Political activity
|z Bangladesh.
|
| 650 |
|
0 |
|a Adivasis
|x Civil rights
|z Bangladesh.
|
| 852 |
4 |
|
|a Ayesha Abed Library
|j General shelf
|
| 999 |
|
|
|c 10617
|d 10617
|
| 952 |
|
|
|0 0
|1 0
|2 ddc
|4 0
|6 305_891450000000000_BLE
|7 0
|9 15947
|a BDI
|b BDI
|c GEN
|d 2011-03-31
|e The university press
|g 600.00
|l 0
|o 305.89145 BLE
|p 3050022264
|r 2011-03-31
|t 1
|w 2011-03-31
|y BK
|
| 952 |
|
|
|0 0
|1 0
|2 ddc
|4 0
|6 305_891000000000000_45_BLE
|7 0
|9 43591
|a SCL
|b SCL
|c GEN
|d 2010-03-24
|g 450.00
|l 6
|m 15
|o 305.89145 BLE
|p 3020007260
|r 2025-10-15
|s 2024-11-06
|t 2
|w 2014-08-31
|y BK
|